All Things India - Statistics

General Stats
  • This quiz has been taken 26 times
  • The average score is 6 of 13
Answer Stats
Hint Answer % Correct
Currency? Rupee
96%
Capital? New Delhi
92%
That Marble Mausoleum? Taj Mahal
83%
Main Religion? Hinduism
75%
Where Is It? Agra
71%
National Animal? Tiger
71%
That Island East To India? Sri Lanka
54%
Most Longest River? Indus
42%
Lungi Wearing Lawyer? Gandhi
38%
What Animal Is Sacred Here? Cattle
13%
Most Biggest Lake? Vembanad
8%
Ruler? Droupadi Murmu
4%
What Was It Called Before? Bharata
0%
No matching quizzes found
Score Distribution
Percent of People with Each Score
Percentile by Number Answered
Your Score History
You have not taken this quiz